Trends in drug orientations and behavior: changes in a rural community, 1975 - 1982
| Autores principales: | ; |
|---|---|
| Tipo de documento: | Print Artículo |
| Lenguaje: | Inglés |
| Publicado: |
1985
|
| En: |
International journal of the addictions
Año: 1985, Volumen: 20, Número: 10, Páginas: 1495-1508 |
| Disponibilidad en Tübingen: | Disponible en Tübingen. IFK: 6585 |
| Verificar disponibilidad: | HBZ Gateway |
| Palabras clave: |
MARC
| LEADER | 00000caa a22000002c 4500 | ||
|---|---|---|---|
| 001 | 1640034323 | ||
| 003 | DE-627 | ||
| 005 | 20230426091737.0 | ||
| 007 | tu | ||
| 008 | 160223s1985 xx ||||| 00| ||eng c | ||
| 035 | |a (DE-627)1640034323 | ||
| 035 | |a (DE-576)456035966 | ||
| 035 | |a (DE-599)BSZ456035966 | ||
| 040 | |a DE-627 |b ger |c DE-627 |e rakwb | ||
| 041 | |a eng | ||
| 100 | 1 | |a Winfree, L. Thomas jr |4 aut | |
| 245 | 1 | 0 | |a Trends in drug orientations and behavior: changes in a rural community, 1975 - 1982 |c L.Thomas jr Winfree, Curt T. Griffiths |
| 264 | 1 | |c 1985 | |
| 336 | |a Text |b txt |2 rdacontent | ||
| 337 | |a ohne Hilfsmittel zu benutzen |b n |2 rdamedia | ||
| 338 | |a Band |b nc |2 rdacarrier | ||
| 700 | 1 | |a Griffiths, Curt T. |0 (DE-627)1233789414 |0 (DE-576)16378941X |4 aut | |
| 773 | 0 | 8 | |i In |t International journal of the addictions |d New York, NY : Dekker, 1966 |g 20(1985), 10, Seite 1495-1508 |w (DE-627)12993660X |w (DE-600)390886-0 |w (DE-576)015496562 |x 0020-773X |7 nnas |
| 773 | 1 | 8 | |g volume:20 |g year:1985 |g number:10 |g pages:1495-1508 |
| 935 | |a mkri | ||
| 951 | |a AR | ||
| ELC | |b 1 | ||
| LOK | |0 000 xxxxxcx a22 zn 4500 | ||
| LOK | |0 001 3301287468 | ||
| LOK | |0 003 DE-627 | ||
| LOK | |0 004 1640034323 | ||
| LOK | |0 005 20160223101025 | ||
| LOK | |0 008 160208||||||||||||||||ger||||||| | ||
| LOK | |0 040 |a DE-21-110 |c DE-627 |d DE-21-110 | ||
| LOK | |0 689 |a s |a Jugendliche | ||
| LOK | |0 689 |a s |a Drogenkonsum | ||
| LOK | |0 852 |a DE-21-110 | ||
| LOK | |0 852 1 |c 6585 |m p |9 00 | ||
| LOK | |0 935 |a k110 | ||
| LOK | |0 938 |k p | ||
| LOK | |0 939 |a 08-02-16 |b l01 | ||
| ORI | |a SA-MARC-krimdoka001.raw | ||
| SIG | |a IFK: 6585 | ||
